000 00772cab a2200265 4500
001 ABS49701
008 090401t1993 xxu||||| |||| 00| 0 eng d
035 _a(Sirsi) u72416
041 _aeng
245 _aRiskman: the new European methodology for project risk management
260 _c1993
350 _a0
490 _aCost Engineer
_v31(6) November 1993, 16-17(2)
520 _aAn outline of the EC funded programme to develop the basis of a European standard on the analysis an management of risk in a project.
650 _aCRAMM
650 _aEUREKA
650 _aEUROPE
650 _aPROJECT RISK
650 _aRISK MANAGEMENT
650 _aRISK
650 _aRISKMAN
690 _aProject management
_96261
942 _n0
948 _c04/03/1997
999 _c45754
_d45754